[Event "GER-ch U25"]
[Site "Willingen"]
[Date "2007.05.29"]
[Round "6"]
[White "Paniflenko, Wladimir"]
[Black "Wagner, Florian"]
[Result "0-1"]
[WhiteElo "1721"]
[BlackElo "2140"]
[PlyCount "84"]
[EventDate "2007.05.26"]
[EventType "swiss"]
[EventRounds "9"]
[EventCountry "GER"]
[SourceTitle "CBM 118 Extra"]
[Source "ChessBase"]
[SourceDate "2007.07.04"]
[SourceVersion "1"]
[SourceVersionDate "2007.07.04"]
[SourceQuality "1"]

1. d4 Nf6 2. c4 g6 3. Nc3 Bg7 4. e4 d6 5. Be2 0-0 6. Bg5 Na6 7. g4 Qe8 8. h4 e5 9. d5 Nc5 10. f3 h6 11. Bxh6 Bxh6 12. g5 Bg7 13. gxf6 Bxf6 14. Qd2 Kg7 15. h5 Qe7 16. Bf1 Rh8 17. Qg2 Bh4+ 18. Kd1 Rxh5 19. Nge2 Nd3 20. Ng3 Bxg3 21. Rxh5 Nf4 22. Qxg3 Nxh5 23. Qf2 Nf4 24. Kc2 a6 25. Ne2 Qf6 26. Ng3 Bd7 27. Be2 Rh8 28. Rc1 Rh3 29. Bf1 Rh4 30. Kb1 b6 31. Rc3 a5 32. Ra3 Nh5 33. Rd3 Nxg3 34. Qxg3 Rh1 35. Rd1 Bh3 36. Be2 Rxd1+ 37. Bxd1 Bf1 38. b3 Qf4 39. Qf2 Bh3 40. Kc2 f5 41. Qd2 fxe4 42. Qxf4 exf4 0-1